Entry Nombre corporativo
001 - NÚMERO DE CONTROL
- campo de control: 70393
003 - IDENTIFICADOR DEL NÚMERO DE CONTROL
- campo de control: BNPHU
005 - FECHA Y HORA DE LA ÚLTIMA TRANSACCIÓN
- campo de control: 20240318114955.0
008 - DATOS DE LONGITUD FIJA
- campo de control de longitud fija: 200615|| aca||aabn | a|a d
010 ## - NÚMERO DE CONTROL DE LA BIBLIOTECA DEL CONGRESO
- Número de control de LC: n 83159165
040 ## - FUENTE DE LA CATALOGACIÓN
- Centro catalogador/agencia de origen: DO-SdBNP
- Lengua de catalogación: spa
- Centro/agencia transcriptor: BNPHU
- Normas de descripción: rda
110 2# - ENCABEZAMIENTO-NOMBRE DE ENTIDAD CORPORATIVA
- Nombre de entidad corporativa o nombre de jurisdicción como elemento de entrada: Instituto de Estudios de Población y Desarrollo (República Dominicana)
370 ## - LUGAR ASOCIADO
- Lugar de nacimiento: República Dominicana
377 ## - LENGUA/LENGUAJE ASOCIADO
- Código del idioma: spa
410 2# - TRAZADO DE VÉASE--NOMBRE DE ENTIDAD CORPORATIVA
- Nombre de entidad corporativa o nombre de jurisdicción como elemento de entrada: IEPD
410 2# - TRAZADO DE VÉASE--NOMBRE DE ENTIDAD CORPORATIVA
- Nombre de entidad corporativa o nombre de jurisdicción como elemento de entrada: I.E.P.D.
410 2# - TRAZADO DE VÉASE--NOMBRE DE ENTIDAD CORPORATIVA
- Nombre de entidad corporativa o nombre de jurisdicción como elemento de entrada: Asociación Dominicana Pro Bienestar de la Familia.
- Unidad subordinada: Instituto de Estudios de Población y Desarrollo
670 ## - FUENTE DE DATOS ENCONTRADOS
- Cita de la fuente: Work cat.: (OSt)42414: República Dominicana :, 1989.
670 ## - FUENTE DE DATOS ENCONTRADOS
- Cita de la fuente: Ramírez, N. Población y mano de obra en la República Dominicana, 1983:
- Información encontrada: (Instituto de Estudios de Población y Desarrollo, bajo los auspicios de Asociación Dominicana Pro Bienestar de la Familia, Inc.)
